000 00585nam a2200229Ia 4500
003 OSt
005 20220928103709.0
006 a|||||r|||| 00| 0
007 ta
008 220927b |||||||| |||| 00| 0 eng d
024 _a61987
037 _cTextual
040 _aSDCL
_cSDCL
_beng
041 _2eng
_aeng
082 _aDelta.243'N, N4
100 _aKaul H Kumar
_9406633
245 0 _aAspects of yoga
260 _aDelhi
_bB R Publishing
_c1994
300 _a239p
_ccm.
942 _hDelta.243'N, N4
_cTEXL
_2CC
999 _c722179
_d722179